Statistics for MCU characters by their Actors Picture

Click here to take the quiz!

General Stats

  • This quiz has been taken 94 times
  • The average score is 31 of 50

Answer Stats

Answer% Correct
Captain Marvel
95%
Black Widow
94%
Iron Man
94%
Black Panther
92%
Hawkeye
92%
Hulk
92%
Falcon
91%
Scarlet Witch
91%
Loki
87%
Winter Soldier
87%
Wong
87%
Antman
86%
Captain America
86%
Nick Fury
86%
Killmonger
84%
Spiderman
84%
Pepper Potts
82%
Mantis
79%
Drax
78%
Shuri
78%
Valkyrie
75%
Dr Strange
74%
Happy Hogan
73%
Gamora
71%
Michelle Jones
71%
Vision
71%
Ancient One
66%
Okoye
65%
Heimdall
62%
Grandmaster
61%
Jane Foster
61%
Maria Hill
56%
Peggy Carter
53%
Ned Leeds
48%
Odin
47%
Baron Zemo
44%
May Parker
40%
Nakia
39%
Pietro Maximoff
38%
Darcy Lewis
35%
Erik Selvig
35%
Jimmy Woo
32%
Hank Pym
30%
Agatha Harkness
25%
Thanos
25%
Monica Rambeau
18%
The Collector
18%
Chris Pratt
13%
Clark Gregg
8%
Hela Odinsdottir
5%

Score Distribution

Percentile by Number Answered

Percent of People with Each Score

Your Score History

You have not taken this quiz